000
00246 a2200097 4500
001
31547
100
_a
Jairazbhoy R A
245
_a
Foreign Influences in Ancient Indo-Pakistan
260
_a
Karachi
_b
Sind Book House
_c
1995
090
_c
21402
_d
21402
942
_a
NUST-CAE
_c
M
_c
12673
999
_c
266620
_d
266620